000 00542cam a2200145 4500500
005 20260208002354.0
041 _afre
042 _adc
100 1 0 _aGiafferi-Dombre, Natacha
_eauthor
245 0 0 _aMichael Taussig, My Cocaine Museum, Chicago-London, The University of Chicago Press, 2004, xix + 336 p., bibl., index, ill.
260 _c2005.
500 _a5
786 0 _nL'Homme | 175-176 | 3 | 2005-07-01 | p. 475p-572p | 0439-4216
856 4 1 _uhttps://shs.cairn.info/revue-l-homme-2005-3-page-475p?lang=fr&redirect-ssocas=7080
999 _c1646006
_d1646006